| 000 | 00489cam a22001457a 4500 | ||
|---|---|---|---|
| 008 | 180718b1963 xxu||||| |||| 00| 0 eng d | ||
| 082 | _aC41 Sh53 | ||
| 100 | _aSheridan, L. A. | ||
| 245 |
_aConstitutional protections: expropriation and restrictions on property rights _cby L. A. Sheridan |
||
| 260 |
_aSingapore _bMalayan Law Journal _c1963 |
||
| 300 | _ali, 172p | ||
| 650 | _aEminent domain --Malaysia --Malaya | ||
| 650 | _aEminent domain --Pakistan | ||
| 650 | _aEminent domain --India | ||
| 999 |
_c423604 _d423604 |
||